000 00776nam a2200253Ia 4500
003 OSt
005 20220923214816.0
006 a|||||r|||| 00| 0
007 ta
008 220922b |||||||| |||| 00| 0 hin d
024 _a173,007
037 _cTextual
040 _aARTS
_cARTS
_bhin
041 _2hin
_ahin
082 _aO152,6N071x, L3
100 _aबच्चन, हरिवंश राय
245 0 _aटूटी छूटी कड़ियॉं
246 _aṬūṭī chhūṭī kaड़iyaॉan
260 _c1973
300 _a196पृ.
_ccm.
650 _aहिन्दी साहित्य
_9156264
942 _hO152,6N071x, L3
_cTEXL
_2CC
999 _c326914
_d326914